000 00730nam a2200217 i 4500
001 128156
003 ES-MaACL
005 20250707073850.0
007 t|
008 070622s1953 sp ||||1| spa d
080 _a398.3:61(46)"15/16"
100 1 _aGranjel, Luis S.
_959645
245 1 0 _aAspectos médicos de la literatura antisupersticiosa española de los siglos XVI y XVII /
_cLuis S. Granjel.
260 _aSalamanca :
_bUniversidad,
_c1953.
300 _a71 p. ;
_c25 cm.
490 1 _aActa Salmanticensia. Medicina ;
_vII, 1
710 2 _aUniversidad de Salamanca.
_97275
830 0 0 _aActa Salmanticensia. Medicina
_vII, 1
_9182112
852 _aES-MaACL
_j1961-F-2
_bR.35556
999 _c128156
_d128156